Nazwy zwyczajowe substancji i mieszanin - Statystyki

Ogólne statystyki
  • Ten quiz został rozwiązany 131 razy
  • Średni wynik to 16 z 40
Statystyki odpowiedzi
Nazwa chemiczna Wzór Nazwa zwyczajowa % Poprawnych
monotlenek diwodoru H2O woda
89%
chlorek (I) sodu NaCl sól kuchenna
86%
tlenek węgla (II) CO czad
80%
etanol (~95%) C2H5OH spirytus
74%
etanol (~40%) C2H5OH wódka
73%
kwas deoksyrybonukleinowy różne DNA
66%
nadtlenek wodoru (3%) H2O2 woda utleniona
64%
tlenek krzemu (IV) SiO2 kwarc | krzemionka
58%
kwas chlorowodorowy HCl (aq.) kwas solny
55%
3-10% wodny roztwór kwasu octowego CH2COOH ocet
49%
stop miedzi z cyną brąz
48%
woda nasycona dwutlenkiem węgla woda sodowa
48%
wodorotlenek wapnia Ca(OH)2 wapno gaszone
46%
tlenek wapnia CaO wapno palone
46%
stop miedzi z cynkiem mosiądz
44%
roztwór jodu w etanolu z dodatkiem jodku potasu jodyna
41%
tlenek żelaza (II) i (III) FeO/Fe2O3 rdza
41%
węglan wapnia CaCO3 kalcyt | aragonit | kreda
40%
tlenek arsenu (III) As2O3 arszenik
39%
tlenek deuteru D2O ciężka woda
38%
wodorotlenek sodu NaOH ług sodowy (soda kaustyczna)
37%
wodorowęglan sodu NaHCO3 soda oczyszczona
36%
zestalony dwutlenek węgla CO2 suchy lód
35%
mieszanina stężonego kwasu solnego i azotowego w stosunku objętościowym 3:1 woda królewska
33%
nadtlenek wodoru (30%+) H2O2 perhydrol
32%
wodny roztwór (1-5%) jodu w jodku potasu płyn Lugola
31%
azotan (V) potasu KNO3 saletra potasowa (indyjska)
27%
wodny roztwór wodorotlenku wapnia (~0.16%) Ca(OH)2 (aq.) woda wapienna
27%
uwodniony siarczan wapnia CaSO4·2H2O gips
24%
1,2,3-propanotriol C3H5(OH)3 gliceryna (glicerol)
23%
etyn C2H2 acetylen
22%
węglik wapnia CaC2 karbid
21%
nadsiarczek żelaza (II) FeS2 piryt
19%
trichlorometan CHCl3 chloroform
14%
iperyt siarkowy C4H8Cl2S gaz musztardowy
11%
węgiel + saletra potasowa + siarka C + KNO3 + S czarny proch
9%
węglan hydroksomiedzi(II) [Cu(OH)]2CO3 patyna (śniedź)
9%
glin + tlenek żelaza (III) Al + Fe2O3 termit
7%
chlorek amonu NH4Cl salmiak
5%
kwas cyjanowodorowy HCN kwas pruski
4%
Nie znaleziono quizów pasujących do podanych kryteriów
Rozkład punktacji
Procent ludzi z każdym wynikiem
Percentyl według liczby udzielonych odpowiedzi
Twoja historia wyników
Nie rozwiązałeś tego quizu